| 000 | 01469cam a2200337 a 4500 | ||
|---|---|---|---|
| 001 | 3080447 | ||
| 003 | OSt | ||
| 005 | 20230704132635.0 | ||
| 008 | 970730s1997 nyu b i000 0 eng d | ||
| 010 | _a 97177577 | ||
| 020 | _a9211335116 | ||
| 035 | _a(IaU-L)notisAHT7637 | ||
| 035 | _a(OCoLC)37229824 | ||
| 035 | _a(CStRLIN)IAULAHT7637-B | ||
| 040 |
_aLPU _cLPU _dIaU-L _dDLC |
||
| 042 | _alccopycat | ||
| 082 | 0 | 0 |
_a341.7 _bUN |
| 245 | 0 | 4 |
_aThe Law of the sea : _bdeclarations and statements with respect to the United Nations Convention on the Law of the Sea and to the agreement relating to the implementation of part XI of the United Nations Convention on the Law of the Sea of 10 December 1982 / _cDivision for Ocean Affairs and the Law of the Sea, Office of Legal Affairs. |
| 260 |
_aNew York : _bUnited Nations, _c1997. |
||
| 300 |
_axii, 134 p. ; _c28 cm. |
||
| 500 | _aUnited Nations publication sales no. E.97.V.3"--T.p. verso. | ||
| 504 | _aIncludes bibliographical references. | ||
| 650 | 0 | _aLaw of the sea. | |
| 650 | 0 |
_aOcean bottom _xLaw and legislation. |
|
| 710 | 2 |
_aUnited Nations. _bDivision for Ocean Affairs and the Law of the Sea. |
|
| 730 | 0 |
_aUnited Nations Convention on the Law of the Sea _d(1982 December 10) |
|
| 906 |
_a7 _bcbc _ccopycat _d2 _encip _f19 _gy-gencatlg |
||
| 942 |
_2ddc _cBK |
||
| 999 |
_c3816 _d3816 |
||